000 004750000a22001570004500
003 MACL
005 20180217131632.0
008 180217b xxu||||| |||| 00| 0 eng d
040 _cmacl
100 _aगिजू भाई
_970413
245 _aसात पूछों वाला चूहा
260 _bसस्‍ता साहित्‍य मंडल
_c2006
350 _a35
650 _aचिल्‍ड्रन
_970414
942 _cHIN
_k741.642
_2ddc
999 _c11449
_d11449